00290nam a22000977a 4500008004100000082002000041245005900061260005700120300000900177440000600186230620b xxu||||| |||| 00| 0 eng d a323bEAHRI 2003 aThe East African Journal of Human Rights and Democracy aKenyabThe East African Human Rights Institutec2003 a114p n1